00512cam a22001697c 4500001000900000003000900009005001700018008004100035020001800076040002800094041000800122100001700130245012100147250001200268260003000280300003200310a5073150CO-ViMGA20230915232205.0110621s2009 sp a | |||| 000 1 spa  a9788426137340 aCO-ViMGAbspacCO-ViMGA1 heng1 aBrown, Petra10a¡Shh!, ¡no despiertes al bebé! hTexto impresocPetra Brown ; traducción castellana de lodie Bourgeois Bertin  a1ra ed. aBarcelonabJuventudc2009 a26 p.bil. col.c29 x 29 cm